书目信息 |
| 题名: |
萧长华先生谈表演艺术
|
|
| 作者: | 祁长良 著 | |
| 分册: | ||
| 出版信息: | 北京 艺术出版社 1956 |
|
| 页数: | 72页 | |
| 开本: | 20cm | |
| 丛书名: | ||
| 单 册: | ||
| 中图分类: | J821.2 | |
| 科图分类: | ||
| 主题词: | 戏剧--艺术--中国 | |
| 电子资源: | ||
| ISBN: | ||
| 000 | 00684nam0 2200205 450 | |
| 001 | 0638841953 | |
| 005 | 20060804104924.48 | |
| 010 | @dCNY0.22 | |
| 100 | @a20060804d1956 km y0chiy0120 ea | |
| 101 | 0 | @achi |
| 102 | @aCN@b110000 | |
| 200 | 1 | @a萧长华先生谈表演艺术@Axiao chang hua xian sheng tan biao yan yi shu@e中国戏曲研究院老艺人访问记@f祁长良等著@Fqi chang liang deng zhu |
| 210 | @a北京@c艺术出版社@d1956 | |
| 215 | @a72页@d20cm | |
| 517 | 1 | @a中国戏曲研究院老艺人访问记@Azhong guo xi qu yan jiu yuan lao yi ren fang wen ji |
| 606 | 0 | @a戏剧@x艺术@x中国 |
| 690 | @aJ821.2@v3 | |
| 701 | 0 | @a祁长良@Aqi chang liang@4著 |
| 801 | 0 | @aCN@bPFT@c20060804 |
| 905 | @a10447@dJ821.2@e64 | |
| 萧长华先生谈表演艺术:中国戏曲研究院老艺人访问记/祁长良等著.-北京:艺术出版社,1956 |
| 72页;20cm |
| ISBN :CNY0.22 |
| ● |
| 相关链接 |
|
|
|
|
正题名:萧长华先生谈表演艺术
索取号:J821.2/64
 
预约/预借
| 序号 | 登录号 | 条形码 | 馆藏地/架位号 | 状态 | 备注 |
| 1 | 0444576 | 204445760 | 密集书库/ [索取号:J821.2/64] | 在馆 |